Statistics for FIFA 23 MATCH THE PLAYER WITH COUNTRY (HARD)

Click here to take the quiz!

General Stats

  • This quiz has been taken 27 times
  • The average score is 29 of 50

Answer Stats

HintAnswer% Correct
Timothy CastagneBelgium
84%
Mahmoud DahoudGermany
76%
Tyrell MalaciaNetherlands
76%
Ismael BennacerAlgeria
72%
Marko ArnautovicAustria
72%
Vladimir CoufalCzech Republic
72%
Fabian ScharSwitzerland
72%
German PezzellaArgentina
68%
Mohamed ElnenyEgypt
68%
Nemanja MaticSerbia
68%
Andriy LuninUkraine
68%
Ibrahima KonateFrance
64%
Andre BlakeJamaica
64%
Edson AlvarezMexico
64%
Jonny EvansNorthern Ireland
64%
James McArthurScotland
64%
Idrissa GueyeSenegal
64%
James TarkowskiEngland
60%
Chris WoodNew Zealand
60%
Merih DemiralTurkey
60%
Brennan JohnsonWales
60%
Mateus UribeColumbia
56%
Borna SosaCroatia
56%
Jonas WindDenmark
56%
Jordan AyewGhana
56%
Naby KeitaGuinea
56%
Angelo OgbonnaItaly
56%
Ritsu DoanJapan
56%
Victor WanyamaKenya
56%
Stefan SavicMontenegro
56%
Mohamed ElyounoussiNorway
56%
Matty CashPoland
56%
Martin DubravkaSlovakia
56%
Kevin KamplSlovenia
56%
Rade KrunicBosnia and Herzegovina
52%
Piero HincapieEcuador
52%
Maxwel CornetIvory Coast
52%
Thomas StrakoshaAlbania
48%
Sardar AzmounIran
48%
Munas DabburIsrael
48%
Yves BissoumaMali
48%
MunirMorocco
48%
Cristhian StuaniUruguay
44%
Josef MartinezVenezuela
44%
Patson DakaZambia
44%
Guillermo MaripanChile
40%
Mario LeminaGabon
40%
Stephen EustaquioCanada
36%
Alexey MiranchukRussia
32%
Glen KamaraFinland
28%

Score Distribution

Percentile by Number Answered

Percent of People with Each Score

Your Score History

You have not taken this quiz